=LDR 00000nam 2200000 4500 =001 INLIS000000000026760 =005 20130612125201 =008 ***********************************ind** =035 ##$$0010-061300000026760 =041 ##$$a ind =082 ##$$a 387.130 72 =090 ##$$a 387.130 72, PRI p =100 ##$$a Priyambodo =245 ##$$a Penelitian dan pengembangan posisi dan strategi pelabuhan regional di Brondong dan Kalianget di Jawa Timur, oleh Priyambodo; editor, Devita Hilda =260 ##$$a 2007 $b Surabaya =300 ##$$a viii, 125 hlm., 20 cm =650 ##$$a Pelabuhan Bebas =650 ##$$a Penelitian =700 ##$$a Hilda, Devita =850 ##$$a NBPNMAT